000 00315nam a2200121Ia 4500
008 190216s9999||||xx |||||||||||||| ||und||
100 _aManicavachagom Pillay And Natarajan
245 2 _aA Text Book Of Analytical Geometry
260 _bViswanathan S.
_c1987
300 _a199
650 _aMathematics
942 _cBK
999 _c32081
_d32081